| 000 | 01106nam a22003257a 4500 | ||
|---|---|---|---|
| 001 | 6288 | ||
| 003 | FISKH | ||
| 005 | 20250409115330.0 | ||
| 008 | 250409b cb ||||| |||| 00| 0 eng d | ||
| 020 | _a0590290681 | ||
| 040 |
_aDLC _cDLC _dDLC _beng |
||
| 050 | _a PZ7.K6797 H | ||
| 082 | _a 813.54 | ||
| 100 | 1 |
_aKline, Suzy _d(1943-) |
|
| 245 | 1 | 0 |
_aHorrible Harry and the Drop of Doom / _cby Suzy Kline ; pictures by Frank Remkiewicz. |
| 250 | _aThis edition first published in 1999 | ||
| 260 |
_aNew York : _bScholastic, _c1998. |
||
| 300 |
_a57 pages : _billustrations ; _c20 cm. |
||
| 505 | _aG | ||
| 520 | _aOn the last day of second grade, Song Lee's party at the local amusement park forces Harry to face his fear of elevators when he is expected to ride the Drop of Doom. | ||
| 521 | 8 |
_a410
_bLexile |
|
| 521 | 8 |
_aG
_bRaz-Plus |
|
| 650 | 1 |
_aFear _xFiction. |
|
| 650 | 1 |
_aAmusement parks _xFiction. |
|
| 650 | 1 |
_aElevators _xFiction. |
|
| 700 | 1 |
_aRemkiewicz, Frank, _eillustrator |
|
| 906 |
_a7 _bcbc _corignew _d1 _eocip _f19 _gy-gencatlg |
||
| 942 |
_2ddc _cBK _n0 |
||
| 999 |
_c6288 _d6288 |
||